[Event "DVM U10 2016"]
[Site "Magdeburg GER"]
[Date "2016.12.29"]
[Round "6"]
[White "Schulz, Rafael"]
[Black "Vecera, Fabio"]
[Result "0-1"]
[Termination "normal"]
[Board "17.1"]
[WhiteElo "1084"]
[BlackElo "966"]
[WhiteTeam "USV TU Dresden"]
[BlackTeam "BSG Grün-Weiß Leipzig 2"]
[PlyCount "48"]
[BlackFideId "16281705"]
[EventCountry "GER"]
[EventRounds "7"]
[EventType "team-swiss"]
[EventDate "2016.12.27"]

1. e4 e5 2. Nf3 Nc6 3. Bc4 Bc5 4. Nc3 d6 5. h3 Be6 6. Bb3 h6 7. d3 Nf6 8. Be3
Nd4 9. Bxd4 exd4 10. Nb5 a6 11. Nbxd4 d5 12. Nxe6 fxe6 13. exd5 Nxd5 14. Bxd5
Qxd5 15. Qe2 O-O-O 16. b3 Rde8 17. O-O-O Ba3+ 18. Kb1 Qf5 19. c3 Qf6 20. d4
Qg6+ 21. Qd3 Qxg2 22. Nh4 Qxf2 23. Rd2 Qxh4 24. Qg6 Qf4 0-1

[Event "DVM U10 2016"]
[Site "Magdeburg GER"]
[Date "2016.12.29"]
[Round "6"]
[White "Englert, Luca"]
[Black "Kempe, Caius Emilian"]
[Result "0-1"]
[Termination "normal"]
[Board "17.2"]
[WhiteElo "600"]
[BlackElo "1095"]
[WhiteTeam "BSG Grün-Weiß Leipzig 2"]
[BlackTeam "USV TU Dresden"]
[PlyCount "88"]
[WhiteFideId "16293088"]
[BlackFideId "16246861"]
[EventCountry "GER"]
[EventRounds "7"]
[EventType "team-swiss"]
[EventDate "2016.12.27"]

1. e4 d6 2. d4 g6 3. Nf3 Bg7 4. Bc4 Nd7 5. Nc3 Ngf6 6. e5 Nh5 7. Be3 O-O 8. Qd2
dxe5 9. dxe5 Nxe5 10. Nxe5 Bxe5 11. O-O-O Qxd2+ 12. Rxd2 Bf5 13. Bh6 Rfc8 14.
Nd5 Bd6 15. Re1 e6 16. Nc3 a6 17. f3 g5 18. g4 Bf4 19. gxf5 Bxd2+ 20. Kxd2 b5
21. Bb3 exf5 22. Bd5 Rd8 23. Kc1 Rab8 24. Re7 b4 25. Rxf7 Kh8 26. Bxg5 bxc3 27.
Bxd8 cxb2+ 28. Kb1 Rxd8 29. Rxf5 Ng7 30. Rg5 a5 31. Kxb2 Rb8+ 32. Ka3 Rb5 33.
Ka4 c6 34. f4 Rxd5 35. Rxd5 cxd5 36. Kxa5 Ne6 37. f5 Nd4 38. f6 Nxc2 39. Ka4 d4
40. Kb3 d3 41. Kc3 Kg8 42. Kxd3 Nb4+ 43. Kd4 Nxa2 44. Ke5 Kf7 0-1

[Event "DVM U10 2016"]
[Site "Magdeburg GER"]
[Date "2016.12.29"]
[Round "6"]
[White "Eichner, Tim"]
[Black "Jung, Maximilian"]
[Result "1-0"]
[Termination "normal"]
[Board "17.3"]
[WhiteElo "818"]
[BlackElo "794"]
[WhiteTeam "USV TU Dresden"]
[BlackTeam "BSG Grün-Weiß Leipzig 2"]
[PlyCount "28"]
[WhiteFideId "34617213"]
[EventCountry "GER"]
[EventRounds "7"]
[EventType "team-swiss"]
[EventDate "2016.12.27"]

1. e4 e5 2. Nf3 Nc6 3. Bc4 Bc5 4. c3 Nf6 5. d4 Bb6 6. dxe5 Ng4 7. O-O Nh6 8.
Bxh6 gxh6 9. Nbd2 Ke7 10. Nb3 Qg8 11. Qc2 Qg7 12. Nh4 Rg8 13. Nf5+ Kf8 14. Nxg7
Rxg7 1-0

[Event "DVM U10 2016"]
[Site "Magdeburg GER"]
[Date "2016.12.29"]
[Round "6"]
[White "Widmann, Maximilian"]
[Black "Kovalchuk, Alexander"]
[Result "0-1"]
[Termination "normal"]
[Board "17.4"]
[WhiteElo "785"]
[BlackElo "787"]
[WhiteTeam "BSG Grün-Weiß Leipzig 2"]
[BlackTeam "USV TU Dresden"]
[PlyCount "22"]
[WhiteFideId "16281691"]
[BlackFideId "16247809"]
[EventCountry "GER"]
[EventRounds "7"]
[EventType "team-swiss"]
[EventDate "2016.12.27"]

1. e4 e5 2. Nf3 Nc6 3. Nc3 Nf6 4. Bc4 Bc5 5. d3 d6 6. Ng5 O-O 7. Nd5 Nxd5 8.
Bxd5 h6 9. Nh3 Bxh3 10. gxh3 Qf6 11. Rg1 Qxf2# 0-1

[Event "DVM U10 2016"]
[Site "Magdeburg GER"]
[Date "2016.12.29"]
[Round "6"]
[White "Hartmann, Simon"]
[Black "Schilling, Rumo"]
[Result "1/2-1/2"]
[Termination "normal"]
[Board "18.2"]
[WhiteElo "792"]
[BlackElo "600"]
[WhiteTeam "SG Niederkassel"]
[BlackTeam "KSV Rochade Göttingen"]
[PlyCount "76"]
[BlackFideId "16283139"]
[EventCountry "GER"]
[EventRounds "7"]
[EventType "team-swiss"]
[EventDate "2016.12.27"]

1. e4 e5 2. Nc3 Nf6 3. Bc4 Nc6 4. Nf3 d5 5. d3 dxc4 6. dxc4 Qxd1+ 7. Nxd1 Nxe4
8. O-O Bg4 9. h3 Bxf3 10. gxf3 Nf6 11. Ne3 O-O-O 12. b3 e4 13. fxe4 Nxe4 14.
Bb2 Bc5 15. Bxg7 Rhg8 16. Nf5 Bd4 17. Rad1 Bxg7 18. Rxd8+ Kxd8 19. Nxg7 Rxg7+
20. Kh2 Nd4 21. Rd1 c5 22. b4 b6 23. bxc5 bxc5 24. f3 Ng5 25. f4 Ngf3+ 26. Kh1
Kc8 27. c3 Nc2 28. h4 Ne3 29. Rb1 Nxc4 30. f5 f6 31. h5 h6 32. a4 Nb2 33. a5 a6
34. c4 Nxc4 35. Rb8+ Kc7 36. Rb7+ Kc6 37. Rxg7 Nxa5 38. Rg6 c4 1/2-1/2

[Event "DVM U10 2016"]
[Site "Magdeburg GER"]
[Date "2016.12.29"]
[Round "6"]
[White "Claussen, Alexander"]
[Black "Miranda Martin, Pablo Mateo"]
[Result "1/2-1/2"]
[Termination "normal"]
[Board "19.1"]
[WhiteElo "809"]
[BlackElo "1001"]
[WhiteTeam "SF Essen-Werden"]
[BlackTeam "SV 1947 Walldorf"]
[PlyCount "42"]
[WhiteFideId "16248910"]
[EventCountry "GER"]
[EventRounds "7"]
[EventType "team-swiss"]
[EventDate "2016.12.27"]

1. d4 d5 2. g3 Nf6 3. Bg2 Bg4 4. h3 Bh5 5. c3 e6 6. Qb3 b6 7. Nd2 Be7 8. Qa4+
Qd7 9. Qxd7+ Nbxd7 10. e4 c6 11. e5 Ng8 12. Ngf3 f6 13. O-O fxe5 14. dxe5 Nh6
15. Nd4 Bf7 16. Nxc6 Nf5 17. c4 Nc5 18. b3 Rc8 19. Nxe7 Nxe7 20. Nf3 Nf5 21.
Rd1 Rd8 1/2-1/2

[Event "DVM U10 2016"]
[Site "Magdeburg GER"]
[Date "2016.12.29"]
[Round "6"]
[White "Kögel, Fabio"]
[Black "Symanski, Linda"]
[Result "1-0"]
[Termination "normal"]
[Board "19.2"]
[WhiteElo "989"]
[BlackElo "600"]
[WhiteTeam "SV 1947 Walldorf"]
[BlackTeam "SF Essen-Werden"]
[PlyCount "69"]
[BlackFideId "16284534"]
[EventCountry "GER"]
[EventRounds "7"]
[EventType "team-swiss"]
[EventDate "2016.12.27"]

1. e4 e5 2. Qh5 Nf6 3. Qxe5+ Qe7 4. Qxe7+ Bxe7 5. Nc3 Nc6 6. Bb5 a6 7. Bxc6
dxc6 8. d4 c5 9. Nd5 Bd6 10. e5 Bf8 11. Nxc7+ Kd8 12. Nxa8 cxd4 13. Bg5 Bb4+
14. c3 dxc3 15. O-O-O+ Bd7 16. exf6 cxb2+ 17. Kxb2 h6 18. fxg7+ hxg5 19.
gxh8=Q+ Ke7 20. Rxd7+ Kxd7 21. a3 Bd6 22. Nf3 b5 23. Rd1 g4 24. Rxd6+ Kxd6 25.
Qg7 Ke7 26. h3 gxf3 27. gxf3 b4 28. axb4 Ke6 29. Nc7+ Ke7 30. Nxa6 Ke6 31. Nc5+
Ke7 32. Nd7 Kxd7 33. Qxf7+ Kd6 34. Qf5 Ke7 35. Qg6 1-0

[Event "DVM U10 2016"]
[Site "Magdeburg GER"]
[Date "2016.12.29"]
[Round "6"]
[White "Storz, Leonard"]
[Black "Symanski, Philip"]
[Result "1-0"]
[Termination "normal"]
[Board "19.4"]
[WhiteElo "767"]
[BlackElo "752"]
[WhiteTeam "SV 1947 Walldorf"]
[BlackTeam "SF Essen-Werden"]
[PlyCount "33"]
[WhiteFideId "16247400"]
[EventCountry "GER"]
[EventRounds "7"]
[EventType "team-swiss"]
[EventDate "2016.12.27"]

1. e4 e5 2. Nf3 Nc6 3. Bc4 Bc5 4. d3 d6 5. Nc3 Nf6 6. Bg5 Bg4 7. h3 Bh5 8. g4
Bg6 9. Nd5 O-O 10. Nxf6+ gxf6 11. Bh6 Re8 12. h4 Nd4 13. Nxd4 Bxd4 14. c3 Bc5
15. h5 Bxh5 16. gxh5 c6 17. Qg4+ 1-0

[Event "DVM U10 2016"]
[Site "Magdeburg GER"]
[Date "2016.12.29"]
[Round "6"]
[White "Mras, Anton"]
[Black "Kocharin, Timur"]
[Result "0-1"]
[Termination "normal"]
[Board "20.1"]
[WhiteElo "921"]
[BlackElo "1037"]
[WhiteTeam "Stader SV 2"]
[BlackTeam "SK Bebenhausen"]
[PlyCount "60"]
[WhiteFideId "16240936"]
[BlackFideId "16271980"]
[EventCountry "GER"]
[EventRounds "7"]
[EventType "team-swiss"]
[EventDate "2016.12.27"]

1. d4 d5 2. c4 c6 3. Nc3 Nf6 4. Bg5 e6 5. e3 Be7 6. Bd3 Nbd7 7. Nge2 O-O 8. Qd2
dxc4 9. Bxc4 b5 10. Bb3 a5 11. Bc2 b4 12. Na4 c5 13. dxc5 Nxc5 14. Qxd8 Rxd8
15. Bxf6 gxf6 16. Nxc5 Bxc5 17. O-O Rd2 18. Bd1 Ba6 19. Nf4 Bxf1 20. Kxf1 Rad8
21. Bf3 Rxb2 22. Be2 Rdd2 23. h3 e5 24. Nd3 Rxe2 25. Nxb2 Rxb2 26. Rc1 Bxe3 27.
fxe3 Rxa2 28. Rc4 b3 29. Rc1 Rc2 30. Rb1 b2 0-1

[Event "DVM U10 2016"]
[Site "Magdeburg GER"]
[Date "2016.12.29"]
[Round "6"]
[White "Weide, Julian"]
[Black "Müller-Borghardt, Jakob"]
[Result "1/2-1/2"]
[Termination "normal"]
[Board "20.2"]
[WhiteElo "984"]
[BlackElo "825"]
[WhiteTeam "SK Bebenhausen"]
[BlackTeam "Stader SV 2"]
[PlyCount "77"]
[BlackFideId "16275209"]
[EventCountry "GER"]
[EventRounds "7"]
[EventType "team-swiss"]
[EventDate "2016.12.27"]

1. c4 e5 2. Nc3 Nf6 3. d3 d5 4. g3 Be6 5. Bg2 Bc5 6. e3 O-O 7. Nge2 Nc6 8. O-O
Qd7 9. Re1 Rad8 10. b3 Qe7 11. h3 Rd7 12. Kh2 Rfd8 13. Bb2 dxc4 14. bxc4 Bxc4
15. Qc1 Bxd3 16. Na4 Bb6 17. Bc3 Rd6 18. Nb2 Bg6 19. a4 a6 20. a5 Ba7 21. Nc4
R6d7 22. Rb1 Bxb1 23. Qxb1 Qc5 24. Nb2 Qb5 25. Bf1 Qd5 26. Bg2 e4 27. Rd1 Qe6
28. Re1 Bc5 29. Qc1 Bf8 30. Na4 h6 31. Nf4 Qe8 32. Bxf6 gxf6 33. Nh5 Bg7 34.
Qb2 Nxa5 35. Nc5 Rd2 36. Qc3 b6 37. Nxe4 R2d3 38. Qxd3 Rxd3 39. Nexf6+ 1/2-1/2

[Event "DVM U10 2016"]
[Site "Magdeburg GER"]
[Date "2016.12.29"]
[Round "6"]
[White "Rathje, Enno"]
[Black "Heller, Fabian Nicolas"]
[Result "0-1"]
[Termination "normal"]
[Board "20.3"]
[WhiteElo "840"]
[BlackElo "756"]
[WhiteTeam "Stader SV 2"]
[BlackTeam "SK Bebenhausen"]
[PlyCount "116"]
[EventCountry "GER"]
[EventRounds "7"]
[EventType "team-swiss"]
[EventDate "2016.12.27"]

1. e4 c5 2. Nc3 Nc6 3. Nf3 g6 4. d4 cxd4 5. Nxd4 Bg7 6. Be3 Nf6 7. Bc4 Ng4 8.
Qxg4 d5 9. exd5 Bxg4 10. Bb5 Qb6 11. Ne6 fxe6 12. Bxb6 axb6 13. dxc6 O-O 14.
cxb7 Rab8 15. Bc6 Bf5 16. O-O-O Bh6+ 17. Kb1 Rf6 18. f3 e5 19. g4 Rxc6 20. gxf5
gxf5 21. Rd7 Bf8 22. Nd5 Kf7 23. Nb4 Rd6 24. Rc7 Rdd8 25. Nc6 Ke8 26. Nxd8 Kxd8
27. Rc4 Rxb7 28. Rd1+ Ke8 29. Rd5 Bg7 30. Rc8+ Kf7 31. f4 e6 32. Rd1 exf4 33.
Rf1 Bh6 34. Rc3 Bg7 35. Rd3 e5 36. c4 e4 37. Rd5 Ke6 38. Rxf4 Rc7 39. b3 h6 40.
Rfxf5 e3 41. Rf1 Re7 42. Re1 Kf7 43. Rb5 e2 44. Rxb6 Bc3 45. Rg1 Bd4 46. Re1
Bxb6 47. Kc2 Bf2 48. Rc1 e1=Q 49. Rxe1 Bxe1 50. a4 Bb4 51. Kd3 Rc7 52. Kd4 Ke7
53. Kd5 Kd7 54. Kd4 Rb7 55. Kd3 Bd6 56. Kc3 Bxh2 57. Kd3 Rxb3+ 58. Kd4 Ra3 0-1

[Event "DVM U10 2016"]
[Site "Magdeburg GER"]
[Date "2016.12.29"]
[Round "6"]
[White "Müller, Linus"]
[Black "Behr, Julian"]
[Result "1-0"]
[Termination "normal"]
[Board "21.1"]
[WhiteElo "1156"]
[BlackElo "1023"]
[WhiteTeam "Hamburger SK 2"]
[BlackTeam "SC Landskrone"]
[PlyCount "103"]
[WhiteFideId "16245946"]
[BlackFideId "16255410"]
[EventCountry "GER"]
[EventRounds "7"]
[EventType "team-swiss"]
[EventDate "2016.12.27"]

1. e4 e5 2. Nf3 Nc6 3. Bb5 Bb4 4. c3 Ba5 5. O-O d6 6. d4 exd4 7. cxd4 Bd7 8.
Nc3 Nf6 9. Bg5 O-O 10. Nd5 a6 11. Bxc6 bxc6 12. Nxf6+ gxf6 13. Bh6 Re8 14. Nd2
Bxd2 15. Qxd2 Kh8 16. Rfe1 Rg8 17. Re3 Qe7 18. Rae1 Rg6 19. Rg3 Re8 20. Qf4 f5
21. Rxg6 fxg6 22. Bg5 Qe6 23. Re3 fxe4 24. f3 Qxa2 25. Qf6+ Kg8 26. Bh6 Qf7 27.
Qxf7+ Kxf7 28. fxe4 Bf5 29. exf5 Rxe3 30. Bxe3 gxf5 31. Bg5 Ke6 32. Kf2 Kd5 33.
Ke3 c5 34. dxc5 dxc5 35. Kf4 a5 36. Kxf5 c4 37. Bc1 c5 38. h4 c3 39. bxc3 Kc4
40. Ba3 Kb5 41. g4 c4 42. g5 Ka4 43. Bc5 Kb3 44. h5 Kxc3 45. g6 hxg6+ 46. hxg6
Kd3 47. g7 c3 48. g8=Q c2 49. Qb3+ Kd2 50. Qe3+ Kd1 51. Qd3+ Kc1 52. Ba3+ 1-0

[Event "DVM U10 2016"]
[Site "Magdeburg GER"]
[Date "2016.12.29"]
[Round "6"]
[White "Kinsky, Leonhard"]
[Black "Dorendorf, Mika"]
[Result "1/2-1/2"]
[Termination "normal"]
[Board "21.2"]
[WhiteElo "929"]
[BlackElo "906"]
[WhiteTeam "SC Landskrone"]
[BlackTeam "Hamburger SK 2"]
[PlyCount "79"]
[WhiteFideId "16255429"]
[BlackFideId "16283066"]
[EventCountry "GER"]
[EventRounds "7"]
[EventType "team-swiss"]
[EventDate "2016.12.27"]

1. e4 c5 2. Nf3 Nc6 3. Nc3 d6 4. Bc4 Bg4 5. h3 Bh5 6. O-O e6 7. Bb5 Qc7 8. d3
a6 9. Bxc6+ Qxc6 10. b3 O-O-O 11. Bb2 Ne7 12. Qe2 d5 13. exd5 exd5 14. Qe5 Bxf3
15. gxf3 d4 16. Ne2 f6 17. Qg3 Nf5 18. Qg4 g6 19. Ng3 h5 20. Qxg6 Qxf3 21.
Qxf5+ Qxf5 22. Nxf5 Rd5 23. Nh4 Rg8+ 24. Kh1 Be7 25. Rg1 Re8 26. Rae1 Kd8 27.
Ng6 Rd7 28. Nxe7 Rdxe7 29. Rxe7 Rxe7 30. Rg8+ Kd7 31. c4 Re2 32. Rg7+ Kc6 33.
Bxd4 cxd4 34. Rg2 Rxa2 35. f4 Ra3 36. Rb2 Ra1+ 37. Kg2 Rd1 38. b4 b5 39. cxb5+
Kxb5 40. Rc2 1/2-1/2

[Event "DVM U10 2016"]
[Site "Magdeburg GER"]
[Date "2016.12.29"]
[Round "6"]
[White "Kölmel, Lukas"]
[Black "Püschel-Esparza, Mateo"]
[Result "1-0"]
[Termination "normal"]
[Board "21.3"]
[WhiteElo "600"]
[BlackElo "787"]
[WhiteTeam "Hamburger SK 2"]
[BlackTeam "SC Landskrone"]
[PlyCount "81"]
[EventCountry "GER"]
[EventRounds "7"]
[EventType "team-swiss"]
[EventDate "2016.12.27"]

1. e4 d6 2. d4 Nf6 3. Nc3 g6 4. Nf3 Bg7 5. Be2 Bg4 6. O-O O-O 7. Re1 Re8 8. Bf4
Nc6 9. Qd3 Nb4 10. Qd2 Nd7 11. a3 Nc6 12. Be3 e5 13. d5 Ne7 14. Bh6 Nc5 15. b4
Nd7 16. h3 Bxf3 17. Bxf3 b6 18. Bh5 Nf6 19. Bf3 c5 20. b5 Kh8 21. a4 a5 22. Qe3
Nfg8 23. Bxg7+ Kxg7 24. Ne2 Nf6 25. Ng3 Rc8 26. c4 Kh8 27. Qg5 Nfg8 28. Bg4 Rc7
29. Ra3 Nc8 30. Qxd8 Rxd8 31. Rf1 Nf6 32. Be2 Ne8 33. f4 exf4 34. Rxf4 Ng7 35.
Raf3 Kg8 36. Re3 Re8 37. Kf2 Rce7 38. Rf6 Kh8 39. Bd3 Re5 40. Rxf7 R8e7 41.
Rf8# 1-0

[Event "DVM U10 2016"]
[Site "Magdeburg GER"]
[Date "2016.12.29"]
[Round "6"]
[White "Kalina, Emil"]
[Black "Malchereck, Zion"]
[Result "0-1"]
[Termination "normal"]
[Board "21.4"]
[WhiteElo "727"]
[BlackElo "924"]
[WhiteTeam "SC Landskrone"]
[BlackTeam "Hamburger SK 2"]
[PlyCount "98"]
[BlackFideId "16269233"]
[EventCountry "GER"]
[EventRounds "7"]
[EventType "team-swiss"]
[EventDate "2016.12.27"]

1. e4 e5 2. Nf3 Nf6 3. Bc4 Nxe4 4. Nxe5 d5 5. Bd3 Qe7 6. Qe2 Qxe5 7. f3 Bc5 8.
fxe4 dxe4 9. Bxe4 O-O 10. c3 Qe6 11. d4 Bb6 12. d5 Qe7 13. Bf4 Nd7 14. d6 cxd6
15. Na3 Nf6 16. Nc4 Qxe4 17. Qxe4 Nxe4 18. Nxd6 Nxd6 19. Bxd6 Rd8 20. Rd1 Re8+
21. Kf1 Bg4 22. Rc1 Re2 23. g3 Bf3 24. Rg1 Bxg1 25. Kxg1 Rd8 26. Rd1 Rg2+ 27.
Kf1 Bxd1 28. Bc7 Rdd2 29. Bf4 Rgf2+ 30. Kg1 Rxf4 31. gxf4 Rxb2 32. a3 Rc2 33.
h3 Rxc3 34. a4 Rc4 35. f5 Rxa4 36. Kf2 g5 37. f6 Ra6 38. Kg3 Rxf6 39. h4 gxh4+
40. Kxh4 a5 41. Kg5 Kg7 42. Kh4 a4 43. Kg5 a3 44. Kh4 a2 45. Kg5 a1=Q 46. Kh4
Qd4+ 47. Kh3 Rf3+ 48. Kg2 Qf2+ 49. Kh1 Rh3# 0-1

[Event "DVM U10 2016"]
[Site "Magdeburg GER"]
[Date "2016.12.29"]
[Round "6"]
[White "Derling, Charlotte"]
[Black "Ellert, Stefan"]
[Result "1-0"]
[Termination "normal"]
[Board "22.1"]
[WhiteElo "1081"]
[BlackElo "1246"]
[WhiteTeam "SV Roter Turm Halle 2"]
[BlackTeam "SV Schachfreunde Friedrichshagen"]
[PlyCount "33"]
[WhiteFideId "16222237"]
[BlackFideId "16235029"]
[EventCountry "GER"]
[EventRounds "7"]
[EventType "team-swiss"]
[EventDate "2016.12.27"]

1. e4 e5 2. Nf3 Nc6 3. Nc3 Bc5 4. Be2 Nf6 5. d3 d6 6. Bg5 Be6 7. O-O Qd7 8. a3
O-O-O 9. b4 Bb6 10. Qd2 Nd4 11. Nxd4 Bxd4 12. Be3 Bxe3 13. Qxe3 b6 14. a4 Qc6
15. d4 exd4 16. Qxd4 Kd7 17. Bb5 1-0

[Event "DVM U10 2016"]
[Site "Magdeburg GER"]
[Date "2016.12.29"]
[Round "6"]
[White "Murach, Moritz"]
[Black "Wähler, Joris"]
[Result "1-0"]
[Termination "normal"]
[Board "22.2"]
[WhiteElo "849"]
[BlackElo "890"]
[WhiteTeam "SV Schachfreunde Friedrichshagen"]
[BlackTeam "SV Roter Turm Halle 2"]
[PlyCount "121"]
[BlackFideId "16299388"]
[EventCountry "GER"]
[EventRounds "7"]
[EventType "team-swiss"]
[EventDate "2016.12.27"]

1. e4 e5 2. Nf3 Nc6 3. Bc4 Bc5 4. c3 Nf6 5. d4 exd4 6. cxd4 Bb4+ 7. Bd2 d6 8.
d5 Bxd2+ 9. Qxd2 Ne7 10. Nc3 Bg4 11. Qf4 O-O 12. e5 Bxf3 13. exf6 Bxg2 14. Rg1
Re8 15. O-O-O Ng6 16. Qf5 Nh4 17. Qg5 Qxf6 18. Qxf6 gxf6 19. Rd4 Re1+ 20. Rd1
Rxd1+ 21. Nxd1 Kf8 22. Ne3 Be4 23. Rg4 Bxd5 24. Bxd5 Ng6 25. Bxb7 Rb8 26. Bd5
Ne5 27. Rh4 Nd3+ 28. Kd1 Nxf2+ 29. Ke1 Nd3+ 30. Kd2 Nb4 31. Rxh7 Nxd5 32. Rh8+
Ke7 33. Rxb8 Ke6 34. Nxd5 Kxd5 35. Rg8 f5 36. h4 f4 37. Rg4 Ke4 38. Ke2 d5 39.
h5 d4 40. h6 d3+ 41. Kd2 Kf3 42. Rxf4+ Kxf4 43. h7 f5 44. h8=Q Kg3 45. Qg7+ Kf2
46. Qg5 Kf3 47. Qxf5+ Kg3 48. Qxd3+ Kf4 49. Qe3+ Kf5 50. b3 Kf6 51. Qc5 Ke6 52.
Ke3 a6 53. Ke4 a5 54. Qe5+ Kd7 55. Qd5+ Ke7 56. Ke5 c6 57. Qe6+ Kd8 58. Qxc6
Ke7 59. Qe6+ Kd8 60. Kd6 a4 61. Qd7# 1-0

[Event "DVM U10 2016"]
[Site "Magdeburg GER"]
[Date "2016.12.29"]
[Round "6"]
[White "Fiedler, Ian Fynn"]
[Black "Tempel, Emil"]
[Result "1-0"]
[Termination "normal"]
[Board "22.3"]
[WhiteElo "600"]
[BlackElo "600"]
[WhiteTeam "SV Roter Turm Halle 2"]
[BlackTeam "SV Schachfreunde Friedrichshagen"]
[PlyCount "139"]
[WhiteFideId "16275012"]
[EventCountry "GER"]
[EventRounds "7"]
[EventType "team-swiss"]
[EventDate "2016.12.27"]

1. e4 e5 2. Nf3 Nc6 3. d4 exd4 4. Nxd4 Nxd4 5. Qxd4 Nf6 6. Nc3 b6 7. Bb5 Bc5 8.
Qd3 c6 9. Bc4 O-O 10. O-O d6 11. Qg3 d5 12. Bh6 Nh5 13. Qf3 Qd6 14. Qxh5 Qxh6
15. Qxh6 gxh6 16. exd5 cxd5 17. Bxd5 Rb8 18. Rae1 Bg4 19. h3 Bh5 20. Ne4 Bg6
21. Nf6+ Kg7 22. Nd7 Rbe8 23. Nxf8 Kxf8 24. Rxe8+ Kxe8 25. a3 a5 26. Kh2 Bd6+
27. f4 h5 28. g3 f5 29. Kg2 Bf7 30. Bxf7+ Kxf7 31. Rd1 Bc5 32. Kf3 h6 33. Ke2
Ke7 34. c3 b5 35. b4 axb4 36. cxb4 Ba7 37. Ra1 Kd6 38. a4 bxa4 39. Rxa4 Bb6 40.
b5 Kc7 41. Kd3 Kb7 42. Kc4 Kc7 43. Ra6 Kb7 44. Kd5 Kc7 45. Ke6 Kc8 46. Rxb6 Kc7
47. Ra6 Kb7 48. Kd6 Kb8 49. Kd5 Kb7 50. Kc5 Kb8 51. b6 h4 52. gxh4 h5 53. Ra7
Kc8 54. b7+ Kb8 55. Ra8+ Kxb7 56. Rf8 Kc7 57. Rxf5 Kd7 58. Kd5 Ke7 59. Ke5 Kd7
60. Rf7+ Ke8 61. Ke6 Kd8 62. Kd6 Ke8 63. Rh7 Kf8 64. Ke6 Kg8 65. Ra7 Kh8 66.
Kf6 Kg8 67. Kg6 Kf8 68. f5 Ke8 69. f6 Kf8 70. Ra8# 1-0

[Event "DVM U10 2016"]
[Site "Magdeburg GER"]
[Date "2016.12.29"]
[Round "6"]
[White "Graßmann, Ludwig"]
[Black "Rumpold, Jaron"]
[Result "1-0"]
[Termination "normal"]
[Board "22.4"]
[WhiteElo "600"]
[BlackElo "933"]
[WhiteTeam "SV Schachfreunde Friedrichshagen"]
[BlackTeam "SV Roter Turm Halle 2"]
[PlyCount "59"]
[WhiteFideId "16238486"]
[BlackFideId "16265793"]
[EventCountry "GER"]
[EventRounds "7"]
[EventType "team-swiss"]
[EventDate "2016.12.27"]

1. e4 d5 2. exd5 Qxd5 3. Nc3 Qd8 4. Bb5+ c6 5. Bc4 Nf6 6. Nf3 Bf5 7. Ng5 e6 8.
Nxf7 Kxf7 9. O-O Bd6 10. d4 b5 11. Bb3 Nbd7 12. d5 b4 13. dxc6 bxc3 14. cxd7
Qxd7 15. bxc3 Rac8 16. Bb2 Rhe8 17. c4 Qc7 18. Rc1 Bxh2+ 19. Kh1 Bf4 20. Rb1
Rcd8 21. Qe1 Ne4 22. Rd1 Nd2 23. Ba4 Re7 24. Bc3 Nxf1 25. Qxf1 Rxd1 26. Qxd1
Qxc4 27. Qh5+ g6 28. Qxh7+ Kf8 29. Qh8+ Kf7 30. Qg7# 1-0

[Event "DVM U10 2016"]
[Site "Magdeburg GER"]
[Date "2016.12.29"]
[Round "6"]
[White "Schuster, Pascal"]
[Black "Jonas, Tim"]
[Result "1-0"]
[Termination "normal"]
[Board "23.1"]
[WhiteElo "1061"]
[BlackElo "1062"]
[WhiteTeam "SG Königskinder Hohentübingen"]
[BlackTeam "SF Schwerin"]
[PlyCount "92"]
[EventCountry "GER"]
[EventRounds "7"]
[EventType "team-swiss"]
[EventDate "2016.12.27"]

1. e4 e5 2. Nf3 Nc6 3. Bb5 d6 4. d4 Bd7 5. d5 Nb4 6. c3 Bxb5 7. cxb4 Nf6 8. Nc3
Bd7 9. O-O Be7 10. Be3 O-O 11. b5 Qe8 12. a4 a5 13. bxa6 Rxa6 14. b4 b5 15. a5
c5 16. dxc6 Bxc6 17. Bb6 Bxe4 18. Nxe4 Nxe4 19. Qd3 f5 20. Qd5+ Rf7 21. Ne1 Bd8
22. Bxd8 Qxd8 23. Qxb5 Qc8 24. Nd3 Qb7 25. Qe8+ Rf8 26. Qa4 g6 27. b5 Nc3 28.
Qb3+ Nd5 29. Qa4 Ra7 30. a6 Nb6 31. Qb3+ Qd5 32. Qb2 Qxd3 33. Rfd1 Qc4 34. Rxd6
Qc5 35. Qa2+ Kg7 36. Qe6 Rf6 37. Qxf6+ Kh6 38. Rxb6 Rc7 39. Rc6 Qd4 40. Rf1 Rd7
41. b6 Qb4 42. a7 Qa4 43. Rc7 Rd1 44. Rc1 Rxf1+ 45. Rxf1 Qa6 46. Qh4+ Kg7 1-0

[Event "DVM U10 2016"]
[Site "Magdeburg GER"]
[Date "2016.12.29"]
[Round "6"]
[White "Quade, Luca"]
[Black "Schickner, Jano"]
[Result "0-1"]
[Termination "normal"]
[Board "23.2"]
[WhiteElo "911"]
[BlackElo "982"]
[WhiteTeam "SF Schwerin"]
[BlackTeam "SG Königskinder Hohentübingen"]
[PlyCount "122"]
[WhiteFideId "34643850"]
[EventCountry "GER"]
[EventRounds "7"]
[EventType "team-swiss"]
[EventDate "2016.12.27"]

1. e4 c5 2. Nf3 a6 3. Bc4 e6 4. d3 Nf6 5. Bg5 Be7 6. Nc3 h6 7. Bf4 O-O 8. O-O
Nc6 9. d4 cxd4 10. Nxd4 e5 11. Nxc6 bxc6 12. Bxe5 d6 13. Bf4 Be6 14. Bxe6 fxe6
15. Qd3 Ng4 16. Qg3 Bg5 17. Qxg4 Bxf4 18. Qxe6+ Rf7 19. Ne2 Be5 20. Rab1 Qh4
21. Ng3 Qf4 22. b3 Raf8 23. c4 c5 24. b4 h5 25. h4 Qxh4 26. Rb3 Bxg3 27. fxg3
Qe7 28. Qxe7 Rxe7 29. Rbf3 Rxf3 30. Rxf3 Rxe4 31. Rf4 Rxf4 32. gxf4 cxb4 33.
Kh2 Kf7 34. Kh3 Kg6 35. Kh4 a5 36. g4 hxg4 37. Kxg4 a4 38. Kf3 b3 39. axb3 axb3
40. Ke4 b2 41. Kd5 b1=Q 42. Kxd6 Qd3+ 43. Kc5 Qf5+ 44. Kb4 Qxf4 45. Kb5 Qe5+
46. c5 Qb2+ 47. Kc4 Qc2+ 48. Kb5 Qb3+ 49. Kc6 Kf5 50. Kd6 Qd3+ 51. Kc7 Ke6 52.
c6 Kd5 53. Kb6 Qb3+ 54. Kc7 Qc4 55. Kd7 Qxc6+ 56. Ke7 Qe6+ 57. Kf8 Qd7 58. Kg8
g5 59. Kh8 Ke6 60. Kg8 Kf6 61. Kh8 Qg7# 0-1

[Event "DVM U10 2016"]
[Site "Magdeburg GER"]
[Date "2016.12.29"]
[Round "6"]
[White "Liang, Jiaxuan"]
[Black "Krömer, Jakob"]
[Result "1-0"]
[Termination "normal"]
[Board "23.3"]
[WhiteElo "984"]
[BlackElo "600"]
[WhiteTeam "SG Königskinder Hohentübingen"]
[BlackTeam "SF Schwerin"]
[PlyCount "131"]
[WhiteFideId "34675205"]
[EventCountry "GER"]
[EventRounds "7"]
[EventType "team-swiss"]
[EventDate "2016.12.27"]

1. e4 e5 2. Nf3 Nc6 3. Bb5 Nf6 4. d3 Bc5 5. c3 d5 6. O-O d4 7. Bxc6+ bxc6 8.
Nxe5 Bb7 9. Re1 O-O 10. Nc4 h6 11. Na5 Rb8 12. Nxb7 Rxb7 13. b3 Qd6 14. b4 Bb6
15. b5 cxb5 16. Ba3 Bc5 17. Bxc5 Qxc5 18. cxd4 Qxd4 19. Na3 b4 20. Nc2 Qe5 21.
Qf3 a5 22. d4 Qh5 23. Re3 Qxf3 24. Rxf3 Nxe4 25. a3 Nd2 26. Rd3 Nb3 27. Rxb3
Rfb8 28. h3 bxa3 29. Rxb7 Rxb7 30. Nxa3 g5 31. g4 Kg7 32. Nc4 Rb4 33. Nxa5 Rxd4
34. Nc6 Rd6 35. Ne5 f6 36. Nf3 Kg6 37. Kg2 c5 38. Rc1 Rc6 39. Nd2 f5 40. Kf3
Kf6 41. Ke3 f4+ 42. Ke4 Ke6 43. Nf3 Kd6 44. Kf5 c4 45. Nd4 Rc5+ 46. Kg6 Kd5 47.
Ne2 f3 48. Nc3+ Kd4 49. Kxh6 Rb5 50. Nxb5+ Kd3 51. Kxg5 Ke2 52. h4 Kxf2 53. h5
Ke2 54. h6 f2 55. h7 f1=Q 56. Rxf1 Kxf1 57. h8=Q Ke2 58. Qc3 Kd1 59. Qb2 c3 60.
Qxc3 Ke2 61. Kf4 Kd1 62. Qb2 Ke1 63. Ke3 Kf1 64. Qd2 Kg1 65. Kf3 Kf1 66. Qf2#
1-0